000
00275nam a2200121Ia 4500
005
20251222141828.0
008
251222s9999||||xx |||||||||||||| ||spa||
082
_a
510.7/H53
100
_a
Hilares, Johan
245
0
_a
Artificios y Técnicas:
264
_b
Newton
942
_c
LIB
999
_c
7015
_d
7015